<?xml version="1.0" encoding="UTF-8"?>
<record
    xmlns:xsi="http://www.w3.org/2001/XMLSchema-instance"
    xsi:schemaLocation="http://www.loc.gov/MARC21/slim http://www.loc.gov/standards/marcxml/schema/MARC21slim.xsd"
    xmlns="http://www.loc.gov/MARC21/slim">

  <leader>01725cam a22003618a 4500</leader>
  <controlfield tag="001">16095764</controlfield>
  <controlfield tag="005">20100224104617.0</controlfield>
  <controlfield tag="008">100216s2011    pau      bf   001 0 eng  </controlfield>
  <datafield tag="020" ind1=" " ind2=" ">
    <subfield code="a">9781608313402</subfield>
  </datafield>
  <datafield tag="035" ind1=" " ind2=" ">
    <subfield code="a">(DNLM)101524343</subfield>
  </datafield>
  <datafield tag="040" ind1=" " ind2=" ">
    <subfield code="a">DNLM/DLC</subfield>
    <subfield code="c">DLC</subfield>
  </datafield>
  <datafield tag="082" ind1="0" ind2="0">
    <subfield code="a">616.10754</subfield>
    <subfield code="2">22</subfield>
    <subfield code="b">HEM</subfield>
  </datafield>
  <datafield tag="245" ind1="0" ind2="0">
    <subfield code="a">Hemodynamic Monitoring Made Incredibly Visual!.</subfield>
  </datafield>
  <datafield tag="250" ind1=" " ind2=" ">
    <subfield code="a">2nd ed.</subfield>
  </datafield>
  <datafield tag="260" ind1=" " ind2=" ">
    <subfield code="a">Philadelphia :</subfield>
    <subfield code="b">Lippincott Williams &amp; Wilkins,</subfield>
    <subfield code="c">c2011.</subfield>
  </datafield>
  <datafield tag="263" ind1=" " ind2=" ">
    <subfield code="a">1003</subfield>
  </datafield>
  <datafield tag="300" ind1=" " ind2=" ">
    <subfield code="a">vi, 154 p. :</subfield>
    <subfield code="c">|b col. ill. ;</subfield>
    <subfield code="b">23 cm.</subfield>
  </datafield>
  <datafield tag="504" ind1=" " ind2=" ">
    <subfield code="a">Includes bibliographical references and index.</subfield>
  </datafield>
  <datafield tag="505" ind1="0" ind2=" ">
    <subfield code="a">Cardiopulmonary anatomy and physiology -- Understanding a pressure monitoring system -- Vascular access -- Central venous pressure monitoring -- Arterial pressure monitoring -- Pulmonary artery pressure monitoring -- Cardiac output monitoring -- Tissue oxygenation monitoring -- Minimally invasive hemodynamic monitoring -- Circulatory assist devices.</subfield>
  </datafield>
  <datafield tag="650" ind1=" " ind2="0">
    <subfield code="a">Hemodynamic monitoring</subfield>
    <subfield code="v">Atlases.</subfield>
    <subfield code="9">28888</subfield>
  </datafield>
  <datafield tag="650" ind1=" " ind2="0">
    <subfield code="a">Cardiovascular system</subfield>
    <subfield code="x">Diseases</subfield>
    <subfield code="x">Diagnosis</subfield>
    <subfield code="v">Atlases.</subfield>
    <subfield code="9">28889</subfield>
  </datafield>
  <datafield tag="650" ind1=" " ind2="0">
    <subfield code="a">Patient monitoring</subfield>
    <subfield code="v">Atlases.</subfield>
    <subfield code="9">28890</subfield>
  </datafield>
  <datafield tag="650" ind1=" " ind2="0">
    <subfield code="a">Nursing</subfield>
    <subfield code="v">Atlases.</subfield>
    <subfield code="9">28891</subfield>
  </datafield>
  <datafield tag="650" ind1="1" ind2="2">
    <subfield code="a">Hemodynamics</subfield>
    <subfield code="v">Atlases.</subfield>
    <subfield code="9">28892</subfield>
  </datafield>
  <datafield tag="650" ind1="1" ind2="2">
    <subfield code="a">Hemodynamics</subfield>
    <subfield code="v">Handbooks.</subfield>
    <subfield code="9">28893</subfield>
  </datafield>
  <datafield tag="650" ind1="2" ind2="2">
    <subfield code="a">Monitoring, Physiologic</subfield>
    <subfield code="v">Atlases.</subfield>
    <subfield code="9">28894</subfield>
  </datafield>
  <datafield tag="650" ind1="2" ind2="2">
    <subfield code="a">Monitoring, Physiologic</subfield>
    <subfield code="v">Handbooks.</subfield>
    <subfield code="9">28895</subfield>
  </datafield>
  <datafield tag="653" ind1=" " ind2=" ">
    <subfield code="b">NUR</subfield>
    <subfield code="c">February2012</subfield>
  </datafield>
  <datafield tag="710" ind1="2" ind2=" ">
    <subfield code="a">Lippincott Williams &amp; Wilkins.</subfield>
    <subfield code="9">28896</subfield>
  </datafield>
  <datafield tag="942" ind1=" " ind2=" ">
    <subfield code="2">ddc</subfield>
    <subfield code="c">NRB</subfield>
  </datafield>
  <datafield tag="999" ind1=" " ind2=" ">
    <subfield code="c">16459</subfield>
    <subfield code="d">16459</subfield>
  </datafield>
  <datafield tag="952" ind1=" " ind2=" ">
    <subfield code="0">0</subfield>
    <subfield code="1">0</subfield>
    <subfield code="2">ddc</subfield>
    <subfield code="4">0</subfield>
    <subfield code="7">0</subfield>
    <subfield code="8">Alahram</subfield>
    <subfield code="a">MAIN</subfield>
    <subfield code="b">MAIN</subfield>
    <subfield code="c">1ST</subfield>
    <subfield code="d">2012-02-14</subfield>
    <subfield code="e">purchase</subfield>
    <subfield code="g">213.00</subfield>
    <subfield code="h">680</subfield>
    <subfield code="l">5</subfield>
    <subfield code="m">4</subfield>
    <subfield code="o">616.10754 HEM</subfield>
    <subfield code="p">000026110</subfield>
    <subfield code="r">2025-07-15 00:00:00</subfield>
    <subfield code="s">2020-02-03</subfield>
    <subfield code="y">BB</subfield>
  </datafield>
</record>
